000 002540000a22000970004500
100 1 _aDege, Carlos Romeu
245 1 0 _aEquipes de liturgia no Sínodo Noroeste Rio-Grandense
300 _aNum. 6 (Diciembre, 2001), Página 14
773 0 _tTEAR
942 _cANA
999 _c55804
_d55804